000 01033nam a2200253Ia 4500
999 _c54777
_d54777
001 21845
003 GE_BSU
005 20220531171637.0
008 181216s2008||||ge |||||||||||||| ||geo||
020 _a978-99928-11-29-0
040 _cGE_BSU
041 _ageo
080 _a51(072) რ-97
100 _aრუხაძე, ირინე
_913917
245 _aმათემატიკა 3 კლ. :
_bმასწავლებლის წიგნი /
_cირინე რუხაძე ; რედ. : ლ. რუხაძე, ნ. ალიაშვილი.
264 _aთბილისი :
_bპედაგოგიკა,
_c2008.
300 _a208 გვ. :
_b ნახ. ;
_c27 სმ.
541 _h7 ლ.
653 _aმათემატიკა
653 _aმასწავლებლის წიგნი
700 _aრუხაძე, ლ.
_eრედაქტორი
_913918
700 _aალიაშვილი, ნ.
_eრედაქტორი
_913919
942 _cBK
_2udc